Men in Black Trilogy - Sudden Death - Statistics

General Stats
  • This quiz has been taken 67 times
  • The average score is 6 of 16
Answers on the Grid
Answers color-coded by a green-red scale on the quiz's grid according to % correct below.
Tommy Lee Jones
Michael Jackson
Sam Rockwell
John Lithgow
Tony Shalhoub
Sissy Spacek
Johnny Knoxville
Biz Markie
David Cross
River Phoenix
Stanley Tucci
Linda Fiorentino
Olivia Newton John
Vincent D'Onofrio
Will Smith
Luke Hemsworth
Rupert Friend
Bill Hader
Ian McKellen
Josh Charles
Rosario Dawson
Patrick Warburton
Betsy Brandt
Tom Berenger
Emma Thompson
Rip Torn
Danny Trejo
Mike Colter
Blake Lively
Josh Brolin
 
Answer Stats
Answer % Correct
Tommy Lee Jones
88%
Will Smith
78%
Michael Jackson
61%
Emma Thompson
39%
Rosario Dawson
37%
Josh Brolin
35%
Linda Fiorentino
33%
Rip Torn
33%
Johnny Knoxville
29%
Tony Shalhoub
29%
Vincent D'Onofrio
29%
David Cross
22%
Patrick Warburton
22%
Bill Hader
14%
Biz Markie
12%
Mike Colter
12%
No matching quizzes found
Score Distribution
Percent of People with Each Score
Percentile by Number Answered
Your Score History
You have not taken this quiz